On the flora of Mount Kinabalu in North Borneo

Bibliographic Details
Main Author: STAPF
Other Authors: Beaman
Format: Book
Published: Kota Kinabalu, Sabah : Natural History Pub. in association with The Linnean Society , 2001
Subjects:

MARC

LEADER 00000cam a2200000 7i4500
001 0000002018
005 20020805.0
020 0 0 |a 9838120553 
090 0 0 |a R581.95953   |b STA 2001 
100 1 0 |a STAPF   |h O. 
245 1 0 |a On the flora of Mount Kinabalu in North Borneo   |c O.Stapf   |f with an introduction by John H. Beaman 
260 0 0 |a Kota Kinabalu, Sabah :   |b Natural History Pub. in association with The Linnean Society ,   |c 2001 
300 |a viii, 263 p. :   |b ill. ;   |c 31cm. 
650 0 0 |a Botany   |z Malaysia   |z Kinabalu, Mount (Sabah) 
700 0 1 |a Beaman   |h John H. 
998 |a JPSM 
999 |a 0000003342   |b Monograph   |c Reference   |e Default branch